Catálogo
 En Linea

Libros condensados por selecciones del Reader´s Digest. (Registro nro. 19237)

Detalles MARC
000 -CABECERA
campo de control de longitud fija 00847nam a2200217 a 4500
001 - NÚMERO DE CONTROL
campo de control 000019723
005 - FECHA Y HORA DE LA ÚLTIMA TRANSACCIÓN
campo de control 20200929170121.0
008 - DATOS DE LONGITUD FIJA--INFORMACIÓN GENERAL
campo de control de longitud fija 100705s1975 sp abc r 000 f spa d
020 ## - NÚMERO INTERNACIONAL ESTÁNDAR DEL LIBRO
Número Internacional Estándar del Libro 8471421593
040 ## - FUENTE DE LA CATALOGACIÓN
Centro catalogador/agencia de origen DO-SdBNP
Lengua de catalogación spa
Centro/agencia transcriptor BNPHU
082 ## - NÚMERO DE LA CLASIFICACIÓN DECIMAL DEWEY
Número de clasificación 808.83
Número de documento/Ítem L697c
049 ## - FONDOS LOCALES (OCLC)
Fondos de biblioteca BNGR
110 1# - ENTRADA PRINCIPAL--NOMBRE DE ENTIDAD CORPORATIVA
Nombre de entidad corporativa o nombre de jurisdicción como elemento de entrada Reader´s Digest
9 (RLIN) 42181
245 10 - MENCIÓN DE TÍTULO
Título Libros condensados por selecciones del Reader´s Digest.
260 ## - PUBLICACIÓN, DISTRIBUCIÓN, ETC.
Lugar de publicación, distribución, etc. Madrid :
Nombre del editor, distribuidor, etc. Reader´s Digest,
Fecha de publicación, distribución, etc. 1975.
300 ## - DESCRIPCIÓN FÍSICA
Extensión 477 p. :
Otras características físicas il., mapas., retrs. ;
Dimensiones 20 cm.
505 0# - NOTA DE CONTENIDO CON FORMATO
Título Meridiano 34 este / Coppel, Alfred.
-- La pistola de burbujas / Gallico, Paul.
-- Coorinna / Wilson, Erle.
-- La granja de la montaña /Raymond, Ernest.
504 ## - NOTA DE BIBLIOGRAFÍA, ETC.
Nota de bibliografía, etc. Incluye referencias bibliográficas y notas al pie de las páginas.
650 #4 - PUNTO DE ACCESO ADICIONAL DE MATERIA--TÉRMINO DE MATERIA
Término de materia o nombre geográfico como elemento de entrada Novela española
Subdivisión general Colección de escritos
9 (RLIN) 42182
650 #4 - PUNTO DE ACCESO ADICIONAL DE MATERIA--TÉRMINO DE MATERIA
Término de materia o nombre geográfico como elemento de entrada Literatura española
9 (RLIN) 632
Existencias
Estado de retiro Estado de pérdida Restricciones de uso No para préstamo Código de colección Localización permanente Ubicación/localización actual Ubicación en estantería Fecha de adquisición Número de inventario Total de préstamos Signatura topográfica completa Código de barras Fecha visto por última vez Precio válido a partir de Tipo de ítem Koha
        Monografías: Libros y Folletos General General En catalogación 05.07.2010 LF1   808.83 L697c 19723-10 25.06.2020 25.06.2020 Préstamo en sala

Con tecnología Koha